000 00958cam a2200265 a 4500
001 000015148
005 20200929163952.0
008 020729s2001 nq a b 001 0bspa
020 _a9992442387
035 _a(NcChVT)VT82NQ073
040 _aDO-SdBNP
_cDLC
082 _a922.27285
_bV146G
100 1 _aGuido Martínez, Clemente
_d1962-
_934280
245 1 0 _aFray Antonio de Valdivieso :
_bpastor, profeta y mártir /
_cClemente Guido Martínez ; editor Francisco Arellano Oviedo.
260 _aManagua :
_bANE :,
_c2001.
300 _a170 p. :
_bil. ;
_c22 cm.
500 _aPpresentación por Carlos Tünnermann Bernheim.
504 _aIncluye referencias bibliográficas.
600 1 0 _aVALDIVIESO, ANTONIO DE,
_dd. 1550.
_934281
650 4 _aObispos
_zNicaragua
_vBIOGRAFÍA.
_934282
651 4 _aNicaragua
_xIglesia
_xHistoria
_934283
700 1 _aArellano Oviedo, Francisco
_eed.
_923355
910 _aCatalogación por copia / LC
049 _aBNGR
999 _c14720
_d14720